MODERN BUSINESS ENGLISH (Record no. 568760)
[ view plain ]
| 000 -LEADER | |
|---|---|
| fixed length control field | 00275nam a22001097a 4500 |
| 082 ## - DEWEY DECIMAL CLASSIFICATION NUMBER | |
| Classification number | 651.74 DAV'M |
| 100 ## - MAIN ENTRY--PERSONAL NAME | |
| Personal name | DAVIS, ROY,STONE, WILLIAM H,LINGHOM, CLARERNCE H |
| 9 (RLIN) | 58596 |
| 245 ## - TITLE STATEMENT | |
| Title | MODERN BUSINESS ENGLISH |
| 260 ## - PUBLICATION, DISTRIBUTION, ETC. | |
| Place of publication, distribution, etc. | USA |
| Name of publisher, distributor, etc. | GINN & CO |
| Date of publication, distribution, etc. | 1944 |
| 300 ## - PHYSICAL DESCRIPTION | |
| Extent | 516P |
| 942 ## - ADDED ENTRY ELEMENTS (KOHA) | |
| Koha item type | Book |
| Withdrawn status | Lost status | Damaged status | Not for loan | Permanent Location | Current Location | Shelving location | Date acquired | Total Checkouts | Full call number | Barcode | Date last seen | Price effective from | Koha item type |
|---|---|---|---|---|---|---|---|---|---|---|---|---|---|
| College of Electrical & Mechanical Engineering (CEME) | College of Electrical & Mechanical Engineering (CEME) | General Stacks | 07/17/2017 | 651.74 DAV'M | CEME-2994 | 06/28/2021 | 06/28/2021 | Book |
